000 00455nam a2200145 a 4500
001 000030055
005 20200930060015.0
008 110428s1951 dr 000 0 spa d
040 _aDO-SdBNP
_bspa
_cBNPHU
100 1 _aHernández, Enrique
_956760
245 1 0 _aPor qué los dominicanos recordarán por siempre este día /
_cEnrique Hernández.
260 _a[Santo Domingo ] :
_bImpresora Dominicana,
_c1951.
300 _a35 p. ;
_c30 cm.
049 _aBNPD
999 _c29547
_d29547